[Event "Wch U18 Girls"]
[Site "Khanty-Mansiysk"]
[Date "2016.10.03"]
[Round "11"]
[White "Sit, Victoria"]
[Black "Jibuti, Nata"]
[Result "0-1"]
[WhiteElo "1768"]
[BlackElo "1865"]
[PlyCount "64"]
[EventDate "2016.09.22"]
[EventType "swiss"]
[EventRounds "11"]
[EventCountry "RUS"]
[SourceTitle "EXT 2017"]
[Source "ChessBase"]
[SourceDate "2016.10.25"]
[SourceVersion "1"]
[SourceVersionDate "2016.10.25"]
[SourceQuality "1"]

1. d4 Nf6 2. c4 e6 3. Nf3 Bb4+ 4. Bd2 Qe7 5. a3 Bxd2+ 6. Qxd2 0-0 7. Nc3 d6 8. e4 e5 9. d5 a5 10. Be2 Nbd7 11. b3 Nc5 12. Qc2 Nh5 13. g3 Bh3 14. Nd2 Qg5 15. 0-0-0 a4 16. b4 Nb3+ 17. Kb2 Nd4 18. Nf3 Nxf3 19. Bxf3 f5 20. Qe2 Nf6 21. Qc2 fxe4 22. Nxe4 Qf5 23. Nxf6+ Rxf6 24. Be4 Qxf2 25. Rd2 Qe3 26. Bxh7+ Kh8 27. Bd3 Raf8 28. Re2 Qd4+ 29. Ka2 Rf1 30. Re1 Rxh1 31. Rxh1 Rf2 32. Be2 Bf5 0-1

[Event "Wch U18 Girls"]
[Site "Khanty-Mansiysk"]
[Date "2016.10.01"]
[Round "9"]
[White "Sit, Victoria"]
[Black "Yakimenko, Anastasia"]
[Result "1/2-1/2"]
[WhiteElo "1768"]
[BlackElo "1983"]
[PlyCount "57"]
[EventDate "2016.09.22"]
[EventType "swiss"]
[EventRounds "11"]
[EventCountry "RUS"]
[SourceTitle "EXT 2017"]
[Source "ChessBase"]
[SourceDate "2016.10.25"]
[SourceVersion "1"]
[SourceVersionDate "2016.10.25"]
[SourceQuality "1"]

1. d4 Nf6 2. c4 g6 3. Nf3 Bg7 4. g3 d5 5. cxd5 Nxd5 6. Bg2 0-0 7. 0-0 Nc6 8. Nc3 Nb6 9. e3 Bf5 10. Nh4 Bd7 11. b3 a5 12. a3 Qc8 13. Re1 Rd8 14. Bb2 e5 15. d5 Ne7 16. e4 Bh3 17. Bxh3 Qxh3 18. Qe2 c6 19. dxc6 bxc6 20. Qe3 Nd7 21. Na4 Rdb8 22. Rab1 Rb5 23. Red1 Rab8 24. Ba1 Qe6 25. Qa7 R8b7 26. Qa8+ Rb8 27. Qa7 R8b7 28. Qa8+ Rb8 29. Qa7 1/2-1/2

[Event "EU-ch U18 Girls 26th"]
[Site "Prague"]
[Date "2016.08.26"]
[Round "8"]
[White "Ajanovic, Berina"]
[Black "Sit, Victoria"]
[Result "0-1"]
[WhiteElo "1377"]
[BlackElo "1697"]
[PlyCount "50"]
[EventDate "2016.08.18"]
[EventType "swiss"]
[EventRounds "9"]
[EventCountry "CZE"]
[SourceTitle "CBM 174 Extra"]
[Source "ChessBase"]
[SourceDate "2016.10.10"]
[SourceVersion "1"]
[SourceVersionDate "2016.10.10"]
[SourceQuality "1"]

1. d4 d5 2. c4 c6 3. Nf3 Nf6 4. Nc3 a6 5. e3 b5 6. c5 g6 7. Qb3 Bg7 8. Bd3 0-0 9. 0-0 a5 10. Bd2 Nfd7 11. Nd1 e5 12. Bc2 b4 13. Qa4 Ba6 14. Re1 Bb5 15. Qb3 Na6 16. a3 a4 17. Qa2 b3 18. Bxb3 axb3 19. Qxb3 Rb8 20. Qc3 e4 21. Ne5 Nxe5 22. dxe5 Re8 23. Qc2 Bd3 24. Qa4 Nxc5 25. Qxc6 Nb3 0-1

[Event "EU-ch U18 Girls 26th"]
[Site "Prague"]
[Date "2016.08.19"]
[Round "2"]
[White "Arvai, Eszter"]
[Black "Sit, Victoria"]
[Result "1-0"]
[WhiteElo "1955"]
[BlackElo "1697"]
[PlyCount "73"]
[EventDate "2016.08.18"]
[EventType "swiss"]
[EventRounds "9"]
[EventCountry "CZE"]
[SourceTitle "CBM 174 Extra"]
[Source "ChessBase"]
[SourceDate "2016.10.10"]
[SourceVersion "1"]
[SourceVersionDate "2016.10.10"]
[SourceQuality "1"]

1. e4 c5 2. Nf3 Nc6 3. d4 cxd4 4. Nxd4 Qc7 5. Nc3 e6 6. Be3 a6 7. a3 Nf6 8. Bd3 Be7 9. 0-0 b5 10. Kh1 0-0 11. f4 d6 12. Qf3 Bb7 13. Qh3 Nd7 14. Nxc6 Bxc6 15. Bd4 e5 16. fxe5 dxe5 17. Be3 Nc5 18. Rad1 Rad8 19. Qg3 Kh8 20. Rf5 Nxd3 21. cxd3 Bd6 22. Rh5 g6 23. Rh6 b4 24. axb4 Bxb4 25. Qh4 f6 26. Rxg6 Bxc3 27. bxc3 Bxe4 28. Rxf6 Bxg2+ 29. Kg1 Bf3 30. Rxf8+ Rxf8 31. Rc1 Rg8+ 32. Kf2 Qf7 33. Ke1 Qg6 34. Qe7 Qf5 35. Rc2 Bg2 36. Rf2 Qh3 37. Qxe5+ 1-0

[Event "BCF-ch Week2 PM op"]
[Site "Bournemouth"]
[Date "2016.08.05"]
[Round "5"]
[White "Sit, Victoria"]
[Black "Wells, Jonathan C"]
[Result "0-1"]
[WhiteElo "1697"]
[BlackElo "1992"]
[PlyCount "58"]
[EventDate "2016.08.01"]
[EventType "swiss"]
[EventRounds "5"]
[EventCountry "ENG"]
[SourceTitle "CBM 173 Extra"]
[Source "ChessBase"]
[SourceDate "2016.08.29"]
[SourceVersion "1"]
[SourceVersionDate "2016.08.29"]
[SourceQuality "1"]

1. d4 Nf6 2. Nf3 g6 3. c4 Bg7 4. g3 c6 5. Bg2 d5 6. Nbd2 0-0 7. b3 Bf5 8. 0-0 Ne4 9. Bb2 Nxd2 10. Nxd2 Qd7 11. Re1 Rd8 12. Nf3 Na6 13. a3 Be4 14. c5 Nxc5 15. b4 Ne6 16. Qd2 Nc7 17. Qf4 Bxf3 18. Bxf3 f5 19. Bc1 Ne6 20. Qh4 Nxd4 21. Ra2 e5 22. Bg5 Re8 23. Bg2 e4 24. e3 Ne6 25. f3 a5 26. bxa5 Rxa5 27. fxe4 Nxg5 28. Qxg5 fxe4 29. Ree2 Qe7 0-1

[Event "BCF-ch Week2 PM op"]
[Site "Bournemouth"]
[Date "2016.08.01"]
[Round "1"]
[White "Sit, Victoria"]
[Black "Easwar, Dhruv"]
[Result "1-0"]
[WhiteElo "1697"]
[BlackElo "1357"]
[PlyCount "75"]
[EventDate "2016.08.01"]
[EventType "swiss"]
[EventRounds "5"]
[EventCountry "ENG"]
[SourceTitle "CBM 173 Extra"]
[Source "ChessBase"]
[SourceDate "2016.08.29"]
[SourceVersion "1"]
[SourceVersionDate "2016.08.29"]
[SourceQuality "1"]

1. d4 Nf6 2. c4 e6 3. Nf3 d5 4. e3 c5 5. cxd5 Nxd5 6. Be2 cxd4 7. Qxd4 Nc6 8. Qa4 Bd7 9. 0-0 Be7 10. Qg4 0-0 11. Qg3 Qc7 12. Qxc7 Nxc7 13. Rd1 Rfd8 14. e4 Be8 15. Bf4 Rxd1+ 16. Bxd1 Nb5 17. Nbd2 Rc8 18. Rc1 Bd7 19. Nb3 Nb4 20. Rxc8+ Bxc8 21. Be2 Bd7 22. a3 Na6 23. Na5 Nc5 24. Ne5 Nd4 25. Bd1 Bc8 26. Be3 Nb5 27. f3 f6 28. b4 fxe5 29. bxc5 Nxa3 30. Bb3 Nb5 31. Ba4 Nc3 32. Bb3 Kf7 33. Nc4 Kf6 34. h4 h6 35. h5 Nb5 36. Bf2 Kg5 37. Nxe5 Kxh5 38. f4 1-0

[Event "Crawley e2e4 Gatwick op U1950"]
[Site "Crawley"]
[Date "2016.02.21"]
[Round "5"]
[White "Sit, Victoria"]
[Black "Probert, Malcolm"]
[Result "1-0"]
[WhiteElo "1674"]
[BlackElo "1641"]
[PlyCount "71"]
[EventDate "2016.02.19"]
[EventType "swiss"]
[EventRounds "5"]
[EventCountry "ENG"]
[SourceTitle "EXT 2019"]
[Source "ChessBase"]
[SourceDate "2018.10.10"]
[SourceVersion "1"]
[SourceVersionDate "2018.10.10"]
[SourceQuality "1"]

1. d4 e6 2. c4 c5 3. d5 exd5 4. cxd5 d6 5. Nc3 g6 6. e4 Bg7 7. Bd3 a6 8. a4 Ne7 9. Nf3 Bg4 10. h3 Bxf3 11. Qxf3 Nd7 12. Qe2 0-0 13. 0-0 f5 14. Re1 Ne5 15. Bc2 fxe4 16. Bxe4 Qd7 17. f4 Nf7 18. g4 Nh6 19. Be3 Rae8 20. Rf1 Kh8 21. a5 Bd4 22. Nd1 Nhf5 23. gxf5 gxf5 24. Bxd4+ cxd4 25. Bg2 Nxd5 26. Qc4 Nf6 27. Qxd4 Qg7 28. Ne3 Rg8 29. Rf2 Re4 30. Qc3 Qg6 31. Kh1 Re7 32. Nd5 Rf7 33. Nxf6 Rxf6 34. Bxb7 Qf7 35. Bxa6 Qd5+ 36. Kh2 1-0

[Event "BCF-ch Atkins op"]
[Site "Coventry"]
[Date "2015.08.01"]
[Round "2"]
[White "Ai, Farshad"]
[Black "Sit, Victoria"]
[Result "1/2-1/2"]
[WhiteElo "1922"]
[BlackElo "1617"]
[PlyCount "93"]
[EventDate "2015.07.31"]
[EventType "swiss"]
[EventRounds "5"]
[EventCountry "ENG"]
[SourceTitle "CBM 167 Extra"]
[Source "ChessBase"]
[SourceDate "2015.09.14"]
[SourceVersion "1"]
[SourceVersionDate "2015.09.14"]
[SourceQuality "1"]

1. c4 Nf6 2. g3 c6 3. Nf3 d5 4. Bg2 Bg4 5. Ne5 Bf5 6. 0-0 e6 7. d4 a6 8. c5 Nbd7 9. Nf3 Be7 10. Nc3 h6 11. b4 0-0 12. a4 Re8 13. Bb2 Bf8 14. Ne5 Nxe5 15. dxe5 Nd7 16. e4 Bh7 17. Qd4 a5 18. Ba3 b6 19. cxb6 axb4 20. Bxb4 c5 21. Bxc5 Bxc5 22. Qd2 d4 23. Nb5 Qxb6 24. f4 Rad8 25. Rfb1 Qc6 26. Rc1 d3+ 27. Kh1 Bxe4 28. Nd6 Bxg2+ 29. Qxg2 Qxg2+ 30. Kxg2 Bxd6 31. exd6 Nf6 32. Rc6 Ne4 33. Rd1 Nxd6 34. Rxd3 Nb7 35. Ra3 Rd2+ 36. Kh3 Na5 37. Ra6 Rd5 38. Rc3 Rb8 39. Rc7 Rh5+ 40. Kg4 g6 41. Raa7 f5+ 42. Kf3 Rb3+ 43. Kg2 Rb2+ 44. Kg1 Rb1+ 45. Kg2 Rb2+ 46. Kg1 Rb1+ 47. Kg2 1/2-1/2

[Event "EU-ch U16 Girls 24th"]
[Site "Batumi"]
[Date "2014.10.21"]
[Round "3"]
[White "Meszarosova, Eva"]
[Black "Sit, Victoria"]
[Result "1-0"]
[WhiteElo "1878"]
[BlackElo "1607"]
[PlyCount "69"]
[EventDate "2014.10.19"]
[EventType "swiss"]
[EventRounds "9"]
[EventCountry "GEO"]
[SourceTitle "EXT 2015"]
[Source "ChessBase"]
[SourceDate "2014.11.20"]
[SourceVersion "1"]
[SourceVersionDate "2014.11.20"]
[SourceQuality "1"]

1. e4 c5 2. Nf3 Nc6 3. d4 cxd4 4. Nxd4 Qc7 5. Nc3 e6 6. Be3 a6 7. Qd2 Nf6 8. f3 Be7 9. 0-0-0 b5 10. g4 0-0 11. h4 Bb7 12. h5 b4 13. Nce2 Ne5 14. Bf4 d6 15. Ng3 Qb6 16. g5 Ne8 17. g6 Bc8 18. h6 fxg6 19. hxg7 Rf7 20. Qh2 Rxg7 21. Be2 Nf6 22. Be3 Qc7 23. Rdg1 Nc4 24. Bxc4 Qxc4 25. Kb1 a5 26. Qd2 Rb8 27. Bh6 Rf7 28. Nge2 Ne8 29. f4 Bf6 30. f5 exf5 31. exf5 Bb7 32. fxg6 hxg6 33. Rxg6+ Kh7 34. Bf8+ Kxg6 35. Qh6# 1-0

[Event "BCF-ch Week1 PM op"]
[Site "Aberystwyth"]
[Date "2014.07.22"]
[Round "2"]
[White "Haridas, Girinath"]
[Black "Sit, Victoria"]
[Result "1-0"]
[WhiteElo "1848"]
[BlackElo "1682"]
[PlyCount "111"]
[EventDate "2014.07.21"]
[EventType "swiss"]
[EventRounds "5"]
[EventCountry "WLS"]
[SourceTitle "EXT 2017"]
[Source "ChessBase"]
[SourceDate "2016.10.25"]
[SourceVersion "1"]
[SourceVersionDate "2016.10.25"]
[SourceQuality "1"]

1. d4 d5 2. c4 c6 3. Nf3 Nf6 4. Nc3 a6 5. c5 Bf5 6. Bf4 h6 7. h3 e6 8. e3 Nbd7 9. Bd3 Bxd3 10. Qxd3 Be7 11. 0-0 0-0 12. b4 b6 13. Rfb1 a5 14. b5 cxb5 15. c6 b4 16. Na4 Nc5 17. dxc5 Bxc5 18. Rc1 Ne4 19. Nd2 Nxd2 20. Qxd2 Qe7 21. Qc2 Rac8 22. Be5 Rxc6 23. Nxb6 Qa7 24. Na4 Rfc8 25. Qd2 f6 26. Bb2 Qd7 27. Nxc5 Rxc5 28. Rxc5 Rxc5 29. Rc1 Qc6 30. Rxc5 Qxc5 31. Qc1 Qxc1+ 32. Bxc1 Kf7 33. Kf1 Ke7 34. Ke2 Kd6 35. Kd3 Kc5 36. Bb2 e5 37. f3 a4 38. a3 b3 39. h4 Kd6 40. g4 Kc5 41. g5 hxg5 42. hxg5 Kd6 43. f4 exf4 44. gxf6 gxf6 45. exf4 f5 46. Kd4 Ke6 47. Kc5 d4 48. Bxd4 Kf7 49. Kd6 Kg6 50. Ke6 Kh5 51. Kxf5 Kh4 52. Ke6 Kg4 53. f5 Kg5 54. f6 Kg6 55. f7 Kh7 56. f8Q 1-0

[Event "BCF-ch Week1 PM op"]
[Site "Aberystwyth"]
[Date "2014.07.21"]
[Round "1"]
[White "Sit, Victoria"]
[Black "Riding, Mick D"]
[Result "1/2-1/2"]
[WhiteElo "1682"]
[BlackElo "1954"]
[PlyCount "82"]
[EventDate "2014.07.21"]
[EventType "swiss"]
[EventRounds "5"]
[EventCountry "WLS"]
[SourceTitle "EXT 2017"]
[Source "ChessBase"]
[SourceDate "2016.10.25"]
[SourceVersion "1"]
[SourceVersionDate "2016.10.25"]
[SourceQuality "1"]

1. d4 g6 2. c4 Bg7 3. Nc3 d6 4. e4 Nc6 5. Be3 e5 6. d5 Nce7 7. Qd2 f5 8. exf5 gxf5 9. f3 Nf6 10. Bh6 0-0 11. Bd3 Ng6 12. Bxg7 Kxg7 13. Nge2 e4 14. fxe4 fxe4 15. Nxe4 Nxe4 16. Bxe4 Qh4+ 17. Ng3 Bg4 18. Qd4+ Kg8 19. Bxg6 hxg6 20. Kd2 Qg5+ 21. Kc3 Rf4 22. Qd3 b5 23. cxb5 Qf6+ 24. Kb3 c5 25. dxc6 a5 26. Ka3 Rf2 27. Qc3 Qf8 28. Ne4 d5+ 29. Qc5 dxe4 30. Qxf8+ Raxf8 31. b6 Rxg2 32. b7 Rb8 33. h3 Bh5 34. Rac1 Kf8 35. Rc5 Ke7 36. Rxa5 Rg3+ 37. b3 Kd6 38. Rc1 Kc7 39. Rcc5 Rxh3 40. Re5 Kxc6 41. Rec5+ Kd6 1/2-1/2

[Event "Hampstead op U2200 11-B"]
[Site "Hampstead"]
[Date "2013.12.01"]
[Round "4"]
[White "Giles, Yasmin"]
[Black "Sit, Victoria"]
[Result "0-1"]
[WhiteElo "1892"]
[BlackElo "1638"]
[PlyCount "96"]
[EventDate "2013.11.30"]
[EventType "swiss"]
[EventRounds "5"]
[EventCountry "ENG"]
[SourceTitle "EXT 2015"]
[Source "ChessBase"]
[SourceDate "2014.11.20"]
[SourceVersion "1"]
[SourceVersionDate "2014.11.20"]
[SourceQuality "1"]

1. e4 c5 2. Nc3 e6 3. Bc4 Nc6 4. d3 Qc7 5. Nf3 a6 6. 0-0 b5 7. Bb3 Nf6 8. Bg5 Be7 9. Re1 d6 10. Nd2 0-0 11. f4 h6 12. Bxf6 Bxf6 13. Nf3 Bb7 14. Rb1 Rad8 15. Qe2 Nd4 16. Nxd4 Bxd4+ 17. Kh1 d5 18. exd5 exd5 19. a3 c4 20. Ba2 Qxf4 21. Qe7 Ba8 22. Ne2 Qf6 23. Qb4 Be5 24. d4 Bxd4 25. Nxd4 Qxd4 26. c3 Qg4 27. Rg1 d4 28. cxd4 Rxd4 29. Rbe1 Rfd8 30. Bb1 g6 31. Qe7 Rd1 32. Be4 Bxe4 33. Rxe4 Rxg1+ 34. Kxg1 Rd1+ 35. Re1 Qd4+ 36. Kf1 Rxe1+ 37. Qxe1 Qxb2 38. Qe8+ Kg7 39. Qe3 Qf6+ 40. Kg1 a5 41. Qc5 Qa1+ 42. Kf2 Qb2+ 43. Kg1 b4 44. axb4 Qxb4 45. Qe5+ Kh7 46. Qe8 Qb1+ 47. Kf2 Qf5+ 48. Ke1 Qe6+ 0-1

[Event "Gatwick e2e4 op U1950"]
[Site "Crawley"]
[Date "2013.11.03"]
[Round "4"]
[White "Sit, Victoria"]
[Black "Fisher, Robert HC"]
[Result "1-0"]
[WhiteElo "1638"]
[BlackElo "1787"]
[PlyCount "43"]
[EventDate "2013.11.01"]
[EventType "swiss"]
[EventRounds "5"]
[EventCountry "ENG"]
[SourceTitle "EXT 2015"]
[Source "ChessBase"]
[SourceDate "2014.11.20"]
[SourceVersion "1"]
[SourceVersionDate "2014.11.20"]
[SourceQuality "1"]

1. d4 Nf6 2. c4 g6 3. Nc3 Bg7 4. e4 d6 5. f3 0-0 6. Be3 c5 7. d5 a6 8. Be2 Bd7 9. Rb1 Ne8 10. Bd3 Nc7 11. a4 Qe8 12. a5 Kh8 13. Nge2 e5 14. 0-0 Qe7 15. Qd2 Ne8 16. f4 f5 17. fxe5 Bxe5 18. Bg5 Qg7 19. Bh6 Qg8 20. Bxf8 Qxf8 21. exf5 Bxf5 22. g4 1-0

[Event "Gatwick e2e4 op U1950"]
[Site "Crawley"]
[Date "2013.11.02"]
[Round "2"]
[White "Sit, Victoria"]
[Black "Pink, Joshua"]
[Result "0-1"]
[WhiteElo "1638"]
[BlackElo "1785"]
[PlyCount "92"]
[EventDate "2013.11.01"]
[EventType "swiss"]
[EventRounds "5"]
[EventCountry "ENG"]
[SourceTitle "EXT 2015"]
[Source "ChessBase"]
[SourceDate "2014.11.20"]
[SourceVersion "1"]
[SourceVersionDate "2014.11.20"]
[SourceQuality "1"]

1. d4 Nf6 2. c4 e5 3. d5 c6 4. Nc3 Bb4 5. Bd2 cxd5 6. cxd5 Qb6 7. e3 0-0 8. a3 Be7 9. b4 d6 10. Bd3 Bg4 11. Nge2 Nbd7 12. 0-0 Rac8 13. Rc1 Kh8 14. Kh1 Ng8 15. e4 f5 16. Be3 Qd8 17. f3 fxe4 18. Bxe4 Bh5 19. Bxa7 b6 20. Nb5 Rxc1 21. Qxc1 Qa8 22. Qc6 Ngf6 23. Ng3 Bg6 24. Bxg6 hxg6 25. Rc1 Rd8 26. Ne4 Nxd5 27. Nexd6 Qxc6 28. Rxc6 Kg8 29. Nc4 Nb8 30. Bxb8 Nxb4 31. Rd6 Bxd6 32. Bxd6 Rc8 33. Nc7 Nd5 34. Nxd5 Rxc4 35. h3 Rd4 36. Ne7+ Kf7 37. Bb4 Rxb4 38. axb4 Kxe7 39. Kg1 Kd6 40. Kf2 Kd5 41. Ke3 Kc4 42. Ke4 Kxb4 43. Kxe5 Kc4 44. Ke4 b5 45. Ke3 Kc3 46. Ke2 Kc2 0-1

[Event "Gatwick e2e4 op U1950"]
[Site "Crawley"]
[Date "2013.11.01"]
[Round "1"]
[White "Giambrone, Salvatore"]
[Black "Sit, Victoria"]
[Result "0-1"]
[WhiteElo "1824"]
[BlackElo "1638"]
[PlyCount "80"]
[EventDate "2013.11.01"]
[EventType "swiss"]
[EventRounds "5"]
[EventCountry "ENG"]
[SourceTitle "EXT 2015"]
[Source "ChessBase"]
[SourceDate "2014.11.20"]
[SourceVersion "1"]
[SourceVersionDate "2014.11.20"]
[SourceQuality "1"]

1. d4 d5 2. Nf3 Nf6 3. c4 c6 4. e3 a6 5. Bd3 e6 6. 0-0 Bd6 7. Nbd2 Nbd7 8. Re1 0-0 9. Qc2 h6 10. a3 Re8 11. b3 e5 12. e4 exd4 13. cxd5 cxd5 14. Bb2 Ne5 15. Bxd4 dxe4 16. Bxe4 Nxe4 17. Bxe5 Bxe5 18. Qxe4 Bxh2+ 19. Kxh2 Rxe4 20. Nxe4 Be6 21. Rad1 Qc7+ 22. Kg1 Bxb3 23. Rd3 Be6 24. Nd4 Re8 25. Rc3 Qd8 26. Rd3 Qa5 27. Ree3 Kh8 28. Nd6 Re7 29. Nxf7+ Rxf7 30. Nxe6 Qf5 31. Rd8+ Kh7 32. f3 g6 33. Nd4 Qb1+ 34. Kh2 Qc1 35. Ree8 h5 36. Ne6 g5 37. Nxg5+ Qxg5 38. Rh8+ Kg6 39. Rhg8+ Rg7 40. Rd6+ Kh7 0-1

[Event "BCF-chT 4NCL Juniors Weekend 3"]
[Site "England"]
[Date "2013.04.06"]
[Round "3"]
[White "Sit, Victoria"]
[Black "Moss, Stephen"]
[Result "0-1"]
[WhiteElo "1571"]
[BlackElo "1702"]
[PlyCount "60"]
[EventDate "2013.04.06"]
[EventType "swiss"]
[EventRounds "5"]
[EventCountry "ENG"]
[SourceTitle "EXT 2023"]
[Source "ChessBase"]
[SourceDate "2022.10.05"]
[SourceVersion "1"]
[SourceVersionDate "2022.10.05"]
[SourceQuality "1"]

1. d4 d5 2. c4 c6 3. Nc3 Nf6 4. Nf3 Bg4 5. e3 e6 6. c5 Nbd7 7. Bd2 b6 8. b4 bxc5 9. bxc5 Rb8 10. Be2 Be7 11. 0-0 0-0 12. Qc2 Bf5 13. Bd3 Ne4 14. Bxe4 dxe4 15. Ne1 Nf6 16. Qc1 Nd5 17. f3 Nxc3 18. Qxc3 Qd5 19. Nc2 exf3 20. Rxf3 Bg4 21. Rff1 Qg5 22. e4 Qg6 23. Rae1 Bh3 24. Qxh3 Rb2 25. Qd3 Rd8 26. Nb4 a5 27. Nxc6 Rd7 28. Nxe7+ Rxe7 29. Bxa5 Rxa2 30. Qb3 Qxg2# 0-1